| 000 | 00934nam a2200241Ia 4500 | ||
|---|---|---|---|
| 003 | OSt | ||
| 005 | 20220923222431.0 | ||
| 006 | a|||||r|||| 00| 0 | ||
| 007 | ta | ||
| 008 | 220922b |||||||| |||| 00| 0 hin d | ||
| 024 | _a204,941 | ||
| 037 | _cTextual | ||
| 040 |
_aARTS _cARTS _bhin |
||
| 041 |
_2hin _ahin |
||
| 082 | _aO5925,3N24,RJ, 152K4 | ||
| 100 |
_aओत्चेनाशक, यान; वर्मा, निर्मल, अनु. _9166911 |
||
| 245 | 0 | _aरोम्यो जूलियट और अंधेरा | |
| 246 | _aRomyo jūliyaṭ aur aandherā | ||
| 260 |
_aदिल्ली _b राजकमल प्रका0 _c1964 |
||
| 650 |
_aचेकोस्लोवाकिया कहानी _9160488 |
||
| 942 |
_hO5925,3N24,RJ, 152K4 _cTEXL _2CC |
||
| 999 |
_c355689 _d355689 |
||